000
00281nam a2200097Ia 4500
082
_a
AKF CATC
245
0
_a
Jy kan nie 'n seekoei skuif nie
100
_a
CATCHPOOL, Michael Pretoria, 2006 1ste Afr. uitg
_9
63886
942
_c
BK
008
210817s9999 xx 000 0 und d
999
_c
202945
_d
202943